00566nam a2200241Ia 450000500170000000800460001702000180006303700070008104000080008804000080009604000080010404100080011204100080012008400160012808400080014410000200015224500890017224500200026126000130028126000120029426000090030630000090031520260401122412.0008 250103s9999 xx 000 0 eng d a9780312267179 aTB aEDL beng cEDL 2eng aeng a973.923 PHA qEDL aPham, Andrew X. 0aCatfish and Mandala: Two-Wheeled voyage through the landscape and memory of vietnam 0cPham, Andrew X. aNew York bPicador c1999 a344p